000 00532 a2200181 4500
003 Nust
005 20251015115442.0
040 _cNust
082 _a621.382
100 _aMalik, Maj Irfan Adeeb (TE-17)
_9131117
245 _aRegulated power supply /
_cMaj Irfan Adeeb Malik & Maj Aslam shahab hassan & Capt Akhtar hussain Rizvi & Capt Amjad Pervaiz &
260 _aUET, Lahore
_bMCS
_c1985
300 _a41,p.;
538 _aT2 and Shelf No 4
650 _aUG Projects
_998716
651 _aTE-17
_9131114
942 _cPR
_2ddc
999 _c181992
_d181992